Den eigenen Tod sterben

מידע ביבליוגרפי
שפה:גרמנית
יצא לאור: Berlin, Wichern-Verlag, 1996
נושאים:
פורמט: ספר
KOHA link:https://koha.lib.tpu.ru/cgi-bin/koha/opac-detail.pl?biblionumber=5156

MARC

LEADER 00000nam0a2200000 4500
001 5156
005 20231030175350.0
010 |a 3889810896 
035 |a (RuTPU)RU\TPU\book\5183 
035 |a BOOK00005232 
090 |a 5156 
100 |a 20011209d1996 km y0gery50 ba 
101 0 |a ger 
102 |a DE 
105 |a y z 000zy 
200 1 |a Den eigenen Tod sterben 
210 |a Berlin  |c Wichern-Verlag  |d 1996 
215 |a 104 p. 
610 1 |a философия 
610 1 |a жизнь 
610 1 |a смерть 
686 |a Ю612.4  |v LBC/SL-A  |2 rubbk 
801 0 |a RU  |b 63413507  |c 20011209  |g PSBO 
801 2 |a RU  |b 63413507  |c 20070314  |g PSBO 
942 |c BK